MARC details
| 000 -LÍDER |
| campo de controle de tamanho fixo |
01257nam a2200289 4500 |
| 001 - NÚMERO DE CONTROLE |
| campo de controle |
237 |
| 003 - IDENTIFICADOR DO NÚMERO DE CONTROLE |
| campo de controle |
OSt |
| 005 - DATA E HORÁRIO DA ÚLTIMA TRANSAÇÃO |
| campo de controle |
20250528074015.0 |
| 008 - CAMPO DE DADOS FIXOS--INFORMAÇÃO GERAL |
| campo de controle de tamanho fixo |
250205b |||||||g |||| 00| 1 eng d |
| 040 ## - FONTE DA CATALOGAÇÃO |
| Idioma da catalogação |
por |
| 041 ## - CÓDIGO DE IDIOMA |
| Código do idioma do original e/ou traduções intermediárias do texto |
eng |
| Código do idioma do texto/trilha sonora ou título diferente |
por |
| 082 ## - CDD - CLASSIFICAÇÃO DECIMAL DE DEWEY |
| Número de Classificação |
813 |
| Número do exemplar |
F346c |
| 100 1# - ENTRADA PRINCIPAL--NOME PESSOAL |
| Nome pessoal |
Ferber, Edna, |
| Datas associadas ao nome |
1887-1968. |
| 9 (RLIN) |
444 |
| 240 ## - TÍTULO UNIFORME |
| Título uniforme |
Cimarron |
| 245 ## - TÍTULO |
| Título |
Cimarron / |
| Indicação de responsabilidade, etc. |
Ferber, Edna ; Tradução de Tati de Moraes |
| 260 ## - PUBLICAÇÃO, DISTRIBUIÇÃO, ETC. |
| Local de publicação, distribuição, etc. |
São Paulo |
| Nome do editor, distribuidor, etc. |
Círculo do Livro |
| Data da publicação, distribuição, etc. |
1957 |
| 300 ## - DESCRIÇÃO FÍSICA |
| Extensão |
302 p. |
| 520 ## - NOTA DE RESUMO, ETC. |
| Resumo, etc. |
CIMARRON conta, com grande beleza e vigor, a dura história do desbravamento do Território de Oklahoma. Para isso, Edna Ferber usa a figura fascinante de Yancey Cravat, um homem forte, obcecado pela aventura e com um agudo senso de justiça social, e a de sua mulher, Sabra Cravat, oriunda de uma tradicional família do sul, mas que se dispõe a enfrentar qualquer perigo para estar ao lado do marido em suas muitas aventuras e desventuras, iniciando depois, ela mesma, uma estirpe de mulheres fortes, corajosas e independentes. |
| 650 #0 - ASSUNTO--TERMO TÓPICO |
| Cabeçalho tópico ou nome geográfico |
Literatura Americana |
| 9 (RLIN) |
84 |
| 650 #0 - ASSUNTO--TERMO TÓPICO |
| Cabeçalho tópico ou nome geográfico |
Faroeste |
| 9 (RLIN) |
340 |
| 650 #0 - ASSUNTO--TERMO TÓPICO |
| Cabeçalho tópico ou nome geográfico |
Drama |
| 9 (RLIN) |
18 |
| 650 #0 - ASSUNTO--TERMO TÓPICO |
| Cabeçalho tópico ou nome geográfico |
Filme |
| 9 (RLIN) |
26 |
| 655 #0 - TERMO DE ÍNDICE--GÊNERO E FORMA |
| Gênero/forma/ou termo foco |
Romance |
| 655 #0 - TERMO DE ÍNDICE--GÊNERO E FORMA |
| Gênero/forma/ou termo foco |
Ficção |
| 700 ## - ENTRADA ADICIONADA - NOME PESSOAL |
| Nome pessoal |
Tati de Moraes |
| Função do autor por extenso |
Tradutor |
| 9 (RLIN) |
445 |
| 942 ## - ELEMENTOS DE ENTRADA ADICIONADOS (KOHA) |
| Fonte de classificação ou esquema de arquivamento |
Classificação decimal de Dewey |
| Ocultar no OPAC |
Não |
| Tipo de material Koha |
Livros |